000 00566nam a2200193 a 4500
005 20250620063854.0
008 991125s1995 ea 000 0 spa u
035 _aUPN01000001460
049 _aI
050 4 _aPZ78
_bM6.28
100 1 _aMoncure, Jane Belk
_929341
245 1 3 _aLa alegría /
_cJane Belk Moncure ; il. por Paul Kurch.
260 _aE.U.A. :
_bThe Child's World,
_c1995.
300 _a29 p. :
_bil. col.
440 0 _aValores para la vida
650 2 _aAlegría y tristeza
_92337
650 4 _aLibros y lectura para niños
_92290
905 _aInfantil
999 _c1460
_d1460